000 00278nam a2200109Ia 4500
008 190906s9999||||xx |||||||||||||| ||und||
100 _aTony Hines
245 0 _aFashion Marketing Contemporary Issues
260 _aNew Delhi
_bMicrosoft Press
_c2002
300 _a243
942 _cBK
999 _c5996
_d5996